JAKI POJAZD NIE MOŻE WJECHAĆ NA AUTOSTRADĘ? - Statystyki

Ogólne statystyki
  • Ten quiz został rozwiązany 184 razy
  • Średni wynik to 3 z 5
Statystyki odpowiedzi
Odpowiedź % Poprawnych
ROWER
89%
TRAKTOR
71%
MOTOROWER
47%
KOMBAJN
42%
BRYCZKA
7%
Nie znaleziono quizów pasujących do podanych kryteriów
Rozkład punktacji
Procent ludzi z każdym wynikiem
Percentyl według liczby udzielonych odpowiedzi
Twoja historia wyników
Nie rozwiązałeś tego quizu